Campos y ondas (Record no. 124015)

MARC details
000 -LEADER
campo de control de longitud fija 00741nam a2200193 4500
001 - NÚMERO DE CONTROL
campo de control 124015
003 - IDENTIFICADOR DE NÚMERO DE CONTROL
campo de control ES-MaACL
007 - CAMPO FIJO DE DESCRIPCIÓN FÍSICA--INFORMACIÓN GENERAL
campo de control de longitud fija t|
008 - DATOS DE LONGITUD FIJA--INFORMACIÓN GENERAL
campo de control de longitud fija 070214s1974 sp r ||||1| spa d
100 1# - ENTRADA PRINCIPAL--NOMBRE DE PERSONA
Nombre de persona Ramo, Simón.
9 (RLIN) 95198
245 10 - MENCIÓN DEL TÍTULO
Título Campos y ondas
Resto del título : aplicación a las comunicaciones electrónicas /
Mención de responsabilidad, etc. Simón Ramo, John R. Whinnery, Thedore van Duzer ; traducción de José Luis Marín Galán con la colaboración de Arsenio Martín Pérez.
260 ## - PUBLICACIÓN, DISTRIBUCIÓN, ETC.
Lugar de publicación, distribución, etc. Madrid :
Nombre del editor, distribuidor, etc. Pirámide,
Fecha de publicación, distribución, etc. 1974.
300 ## - DESCRIPCIÓN FÍSICA
Extensión 767 p. :
Otras características físicas il. ;
Dimensiones 24 cm.
700 1# - ENTRADA AGREGADA--NOMBRE PERSONAL
Nombre de persona Whinnery, John R.
9 (RLIN) 116634
700 1# - ENTRADA AGREGADA--NOMBRE PERSONAL
Nombre de persona Duzer, Theodore van.
9 (RLIN) 46398
700 1# - ENTRADA AGREGADA--NOMBRE PERSONAL
Nombre de persona Marín Galán, José Luis.
9 (RLIN) 76787
700 1# - ENTRADA AGREGADA--NOMBRE PERSONAL
Nombre de persona Martín Pérez, Arsenio.
9 (RLIN) 77604
852 ## - LOCALIZACIÓN
Ubicación ES-MaACL
Número de control de estantería E-6487
Sublocalización o colección R.91085
Holdings
Estatus retirado Estado de pérdida Estado de daño No para préstamo Biblioteca de origen Biblioteca actual Ubicación en estantería Fecha de adquisición Fuente de adquisición Total de préstamos Signatura topográfica completa Código de barras Visto por última vez Precio de reemplazo Tipo de ítem Koha
        Biblioteca del Ateneo de Madrid Biblioteca del Ateneo de Madrid Depósito 2 17/01/2008     E-6487 1129203 23/02/2023 23/02/2023 Libro impreso